| 000 | 00649nam a22001577a 4500 | ||
|---|---|---|---|
| 003 | OSt | ||
| 005 | 20151212095925.0 | ||
| 008 | 151212b xxu||||| |||| 00| 0 eng d | ||
| 040 | _cRUA | ||
| 082 | _aATM.s EM 2004 B212 Or.1 | ||
| 100 |
_94752 _aEM, SOKHA. |
||
| 245 | _aStudy on possibilities of supporting the poor people in preah sdach district prey veng province, សិក្សាពីភាពគាំទ្រគ្រួសារក្រីក្រក្នុងស្រុកព្រះស្ដេច ខេត្តព្រៃវែង | ||
| 260 |
_aPhnom Penh _bRUA _c2004 |
||
| 300 |
_avii; 53p. _bill. _c29cm. |
||
| 942 |
_2ddc _cATMSP |
||
| 999 |
_c4428 _d4428 |
||